| Поле | Инд. | ПП | Название | Значение |
|---|---|---|---|---|
| Тип записи | a | |||
| Библиографический уровень | b | |||
| 001 | Контрольный номер | RU/IS/BASE/138281683 | ||
| 005 | Дата корректировки | 20200601191521.1 | ||
| 084 | a | Индекс другой классификации/Индекс ББК | 60.542.2(7США) | |
| a | Индекс другой классификации/Индекс ББК | 67.400.3(7США) | ||
| 100 | 1_ | a | Автор | Попкова Л. Н. |
| q | Полное имя | Попкова Людмила Николаевна | ||
| 245 | a | Заглавие | Гендерная политика США: формальные институты и практики | |
| 504 | a | Библиография | Библиогр.: с. 173 | |
| 650 | a | Основная рубрика | гендерная социология | |
| a | Основная рубрика | конституционное право (государственное право) | ||
| a | Основная рубрика | право | ||
| a | Основная рубрика | социология | ||
| a | Основная рубрика | социология групп | ||
| 653 | a | Ключевые слова | гендерная политика | |
| a | Ключевые слова | гендерная система | ||
| a | Ключевые слова | гендерное неравенство | ||
| a | Ключевые слова | гендерное равноправие | ||
| a | Ключевые слова | гендерные исследования | ||
| a | Ключевые слова | гендерные отношения | ||
| a | Ключевые слова | гендерные проблемы | ||
| a | Ключевые слова | гражданские права | ||
| a | Ключевые слова | дискриминация женщин | ||
| a | Ключевые слова | занятость женщин | ||
| a | Ключевые слова | права женщин | ||
| a | Ключевые слова | правовой статус женщин | ||
| a | Ключевые слова | развод | ||
| a | Ключевые слова | статус женщин | ||
| a | Ключевые слова | США | ||
| a | Ключевые слова | феминизм | ||
| a | Ключевые слова | феминистские организации | ||
| 773 | t | Заглавие источника | Общественные науки и современность | |
| d | Дата издания источника | 2004 | ||
| g | Прочая информация | № 1. - С. 164 - 173 | ||
| w | Контрольный № источника | RU/IS/BASE/129046545 | ||
| 901 | t | Тип документа | b |